[Event "FWCT 2019"]
[Site "Kazan"]
[Date "2019.06.17"]
[Round "14.2"]
[White "Muzychuk, Mariya"]
[Black "Goryachkina, Aleksandra"]
[Result "1-0"]
[WhiteElo "2563"]
[BlackElo "2522"]
[Annotator "ChessBase"]
[PlyCount "77"]
[EventDate "2019.05.11"]
[EventType "tourn"]
[EventCountry "RUS"]
[SourceTitle "playchess.com"]
[Source "ChessBase"]
[SourceQuality "1"]
[TimeControl "40/5400+30:1800+30"]

1. e4 {[%emt 0:00:00]} c6 {[%emt 0:00:00]} 2. d4 {[%emt 0:00:00]} d5 {[%emt 0:00:00]} 3. e5 {[%emt 0:00:00]} Bf5 {[%emt 0:00:00]} 4. Nf3 {[%emt 0:00:10]} e6 {[%emt 0:00:06]} 5. Be2 {[%emt 0:00:16]} c5 {[%emt 0:00:13]} 6. Be3 {[%emt 0:01:06]} Qb6 {[%emt 0:00:27]} 7. Nc3 {[%emt 0:00:48]} Nc6 {[%emt 0:00:16]} 8. O-O {[%emt 0:00:28]} Qxb2 {[%emt 0:03:43]} 9. Qe1 {[%emt 0:00:18]} cxd4 {[%emt 0:00:32]} 10. Bxd4 {[%emt 0:00:08]} Nxd4 {[%emt 0:01:42]} 11. Nxd4 {[%emt 0:00:42]} Bb4 {[%emt 0:00:26]} 12. Rb1 {[%emt 0:00:12]} Bxc3 {[%emt 0:06:07]} 13. Rxb2 {[%emt 0:00:33]} Bxe1 {[%emt 0:00:09]} 14. Rxe1 {[%emt 0:00:02]} b6 {[%emt 0:00:26]} 15. h4 {[%emt 0:00:13]} Be4 {[%emt 0:07:16]} 16. Bb5+ {[%emt 0:31:02]} Kf8 {[%emt 0:00:54]} 17. f3 {[%emt 0:01:30]} Bg6 {[%emt 0:00:17]} 18. Re3 {[%emt 0:00:05]} Ne7 {[%emt 0:07:20]} 19. Rc3 {[%emt 0:06:32]} h5 {[%emt 0:07:18]} 20. Rc7 {[%emt 0:02:04]} a6 {[%emt 0:07:58]} 21. Bd7 {[%emt 0:04:19]} b5 {[%emt 0:01:02]} 22. a4 {[%emt 0:01:34]} bxa4 {[%emt 0:07:43]} 23. Bxa4 {[%emt 0:01:31]} Nf5 {[%emt 0:04:13]} 24. Ra7 {[%emt 0:02:01]} Rd8 {[%emt 0:05:52]} 25. Nc6 {[%emt 0:01:48]} Re8 {[%emt 0:06:18]} 26. Ne7 {[%emt 0:01:06]} Rd8 {[%emt 0:06:48]} 27. Nxg6+ {[%emt 0:00:40]} fxg6 {[%emt 0:00:06]} 28. Bd7 {[%emt 0:00:23]} Kg8 {[%emt 0:03:51]} 29. Bxe6+ {[%emt 0:00:34]} Kh7 {[%emt 0:00:01]} 30. Rbb7 {[%emt 0:30:36]} Nd4 {[%emt 0:03:57]} 31. Bd7 {[%emt 0:03:06]} Rb8 {[%emt 0:06:41]} 32. e6 {[%emt 0:01:38]} Nf5 {[%emt 0:00:31]} 33. Ba4 {[%emt 0:02:37]} Rbc8 {[%emt 0:08:21]} 34. e7 {[%emt 0:00:21]} Nd6 {[%emt 0:00:34]} 35. Rb6 {[%emt 0:00:53]} Ne8 {[%emt 0:04:01]} 36. Rbxa6 {[%emt 0:00:37]} Kg8 {[%emt 0:01:37]} 37. Ra8 {[%emt 0:03:21]} Rxa8 {[%emt 0:00:19]} 38. Rxa8 {[%emt 0:00:03]} Kf7 {[%emt 0:00:08]} 39. Kf2 {[%emt 0:00:05]} 1-0

[Event "FWCT 2019"]
[Site "Kazan"]
[Date "2019.06.17"]
[Round "14.3"]
[White "Dzagnidze, Nana"]
[Black "Lagno, Kateryna"]
[Result "1/2-1/2"]
[WhiteElo "2510"]
[BlackElo "2554"]
[Annotator "ChessBase"]
[PlyCount "85"]
[EventDate "2019.05.11"]
[EventType "tourn"]
[EventCountry "RUS"]
[SourceTitle "playchess.com"]
[Source "ChessBase"]
[SourceQuality "1"]
[TimeControl "40/5400+30:1800+30"]

1. Nf3 {[%emt 0:00:00]} Nf6 {[%emt 0:00:00]} 2. b3 {[%emt 0:00:00]} g6 {[%emt 0:00:00]} 3. Bb2 {[%emt 0:00:00]} Bg7 {[%emt 0:00:06]} 4. g3 {[%emt 0:00:14]} d6 {[%emt 0:00:45]} 5. d4 {[%emt 0:00:23]} c5 {[%emt 0:00:18]} 6. c4 {[%emt 0:05:22]} Ne4 {[%emt 0:00:21]} 7. Nbd2 {[%emt 0:07:55]} Qa5 {[%emt 0:00:41]} 8. Qc1 {[%emt 0:05:51]} Nxd2 {[%emt 0:00:31]} 9. Qxd2 {[%emt 0:00:05]} Qxd2+ {[%emt 0:00:05]} 10. Kxd2 {[%emt 0:00:03]} cxd4 {[%emt 0:00:24]} 11. Bxd4 {[%emt 0:00:26]} Bxd4 {[%emt 0:00:08]} 12. Nxd4 {[%emt 0:00:04]} Nc6 {[%emt 0:00:06]} 13. Nb5 {[%emt 0:00:40]} O-O {[%emt 0:01:40]} 14. Bg2 {[%emt 0:00:08]} Bd7 {[%emt 0:01:43]} 15. Rhd1 {[%emt 0:02:21]} Rac8 {[%emt 0:04:31]} 16. Rac1 {[%emt 0:05:51]} Rfd8 {[%emt 0:04:18]} 17. Nc3 {[%emt 0:26:28]} Kf8 {[%emt 0:03:27]} 18. Kc2 {[%emt 0:00:46]} h5 {[%emt 0:12:06]} 19. h4 {[%emt 0:02:59]} Rb8 {[%emt 0:20:11]} 20. Kb2 {[%emt 0:00:55]} Ne5 {[%emt 0:00:27]} 21. Rd2 {[%emt 0:02:05]} Bc6 {[%emt 0:01:42]} 22. e4 {[%emt 0:01:04]} Rdc8 {[%emt 0:06:18]} 23. f4 {[%emt 0:13:47]} Ng4 {[%emt 0:00:51]} 24. Bh3 {[%emt 0:01:15]} Bd7 {[%emt 0:03:38]} 25. Re1 {[%emt 0:06:58]} Rd8 {[%emt 0:02:50]} 26. Bxg4 {[%emt 0:03:43]} Bxg4 {[%emt 0:00:13]} 27. Rd5 {[%emt 0:00:09]} Bd7 {[%emt 0:02:44]} 28. Red1 {[%emt 0:00:43]} Bc6 {[%emt 0:01:15]} 29. R5d4 {[%emt 0:00:25]} Rdc8 {[%emt 0:00:44]} 30. a4 {[%emt 0:05:16]} b6 {[%emt 0:12:09]} 31. R1d2 {[%emt 0:00:22]} f6 {[%emt 0:00:58]} 32. Rf2 {[%emt 0:01:50]} Kf7 {[%emt 0:00:36]} 33. Nd5 {[%emt 0:01:18]} Bxd5 {[%emt 0:01:17]} 34. Rxd5 {[%emt 0:00:31]} Rc5 {[%emt 0:00:35]} 35. Kc3 {[%emt 0:00:23]} Rbc8 {[%emt 0:01:50]} 36. Kd3 {[%emt 0:03:20]} a6 {[%emt 0:05:28]} 37. Rc2 {[%emt 0:00:20]} f5 {[%emt 0:02:48]} 38. Re2 {[%emt 0:02:08]} fxe4+ {[%emt 0:01:48]} 39. Kxe4 {[%emt 0:00:08]} Rxd5 {[%emt 0:01:32]} 40. Kxd5 {[%emt 0:00:00]} Rc5+ {[%emt 0:00:00]} 41. Ke4 {[%emt 0:00:27]} e6 {[%emt 0:06:19]} 42. Rd2 {[%emt 0:03:36]} Ke7 {[%emt 0:00:05]} 43. Rd1 {[%emt 0:00:15]} 1/2-1/2

[Event "FWCT 2019"]
[Site "Kazan"]
[Date "2019.06.17"]
[Round "14.4"]
[White "Tan, Zhongyi"]
[Black "Gunina, Valentina"]
[Result "1-0"]
[WhiteElo "2513"]
[BlackElo "2506"]
[Annotator "ChessBase"]
[PlyCount "147"]
[EventDate "2019.05.11"]
[EventType "tourn"]
[EventCountry "RUS"]
[SourceTitle "playchess.com"]
[Source "ChessBase"]
[SourceQuality "1"]
[TimeControl "40/5400+30:1800+30"]

1. e4 {[%emt 0:00:00]} e5 {[%emt 0:00:00]} 2. Nf3 {[%emt 0:00:00]} Nc6 {[%emt 0:00:00]} 3. Bc4 {[%emt 0:00:00]} Bc5 {[%emt 0:00:29]} 4. c3 {[%emt 0:00:00]} Nf6 {[%emt 0:01:11]} 5. d4 {[%emt 0:00:00]} exd4 {[%emt 0:01:40]} 6. e5 {[%emt 0:00:05]} d5 {[%emt 0:07:02]} 7. Bb5 {[%emt 0:00:12]} Ne4 {[%emt 0:01:05]} 8. cxd4 {[%emt 0:00:04]} Bb6 {[%emt 0:00:21]} 9. Nc3 {[%emt 0:00:24]} O-O {[%emt 0:00:06]} 10. Be3 {[%emt 0:01:24]} f5 {[%emt 0:01:02]} 11. exf6 {[%emt 0:07:42]} Nxc3 {[%emt 0:05:21]} 12. bxc3 {[%emt 0:00:07]} Qxf6 {[%emt 0:00:03]} 13. Qb3 {[%emt 0:03:05]} Ne7 {[%emt 0:05:42]} 14. O-O {[%emt 0:01:43]} c6 {[%emt 0:02:19]} 15. Bd3 {[%emt 0:02:18]} Nf5 {[%emt 0:10:16]} 16. Bg5 {[%emt 0:01:08]} Qf7 {[%emt 0:05:16]} 17. Rae1 {[%emt 0:09:35]} Qh5 {[%emt 0:02:16]} 18. Bc1 {[%emt 0:04:06]} Nh4 {[%emt 0:18:19]} 19. Nxh4 {[%emt 0:07:56]} Qxh4 {[%emt 0:00:25]} 20. g3 {[%emt 0:29:16]} Qh3 {[%emt 0:02:57]} 21. Be4 {[%emt 0:06:08]} Qh5 {[%emt 0:03:25]} 22. Bg2 {[%emt 0:02:34]} Bf5 {[%emt 0:00:46]} 23. Re5 {[%emt 0:04:58]} Bc7 {[%emt 0:08:51]} 24. Re7 {[%emt 0:02:59]} Bd6 {[%emt 0:00:49]} 25. Re3 {[%emt 0:00:22]} Qf7 {[%emt 0:04:16]} 26. Ba3 {[%emt 0:00:51]} Bxa3 {[%emt 0:01:51]} 27. Qxa3 {[%emt 0:00:05]} Rae8 {[%emt 0:00:46]} 28. Rfe1 {[%emt 0:07:15]} Bh3 {[%emt 0:05:48]} 29. Qb2 {[%emt 0:00:26]} Bxg2 {[%emt 0:06:06]} 30. Kxg2 {[%emt 0:00:04]} b6 {[%emt 0:03:54]} 31. Qe2 {[%emt 0:00:21]} Re4 {[%emt 0:01:38]} 32. f3 {[%emt 0:00:12]} Rxe3 {[%emt 0:00:02]} 33. Qxe3 {[%emt 0:00:05]} c5 {[%emt 0:00:01]} 34. f4 {[%emt 0:01:43]} Rc8 {[%emt 0:00:47]} 35. Re2 {[%emt 0:00:08]} cxd4 {[%emt 0:00:49]} 36. cxd4 {[%emt 0:00:17]} h6 {[%emt 0:00:45]} 37. Qe5 {[%emt 0:00:13]} Kh7 {[%emt 0:00:42]} 38. f5 {[%emt 0:01:21]} Qh5 {[%emt 0:01:06]} 39. Qe6 {[%emt 0:04:37]} Rc6 {[%emt 0:00:13]} 40. Qe5 {[%emt 0:00:00]} Qg4 {[%emt 0:00:00]} 41. h3 {[%emt 0:02:51]} Qh5 {[%emt 0:05:47]} 42. g4 {[%emt 0:03:20]} Qh4 {[%emt 0:02:02]} 43. Qe8 {[%emt 0:08:26]} Rf6 {[%emt 0:03:28]} 44. Qc8 {[%emt 0:04:34]} Qg5 {[%emt 0:04:30]} 45. Kg3 {[%emt 0:05:04]} Rf7 {[%emt 0:07:25]} 46. h4 {[%emt 0:01:32]} Rf8 {[%emt 0:02:45]} 47. hxg5 {[%emt 0:06:13]} Rxc8 {[%emt 0:00:03]} 48. g6+ {[%emt 0:00:04]} Kg8 {[%emt 0:00:52]} 49. Re7 {[%emt 0:00:06]} Kf8 {[%emt 0:04:31]} 50. Rf7+ {[%emt 0:00:05]} Kg8 {[%emt 0:00:02]} 51. Rxa7 {[%emt 0:00:21]} Re8 {[%emt 0:00:25]} 52. Kf3 {[%emt 0:01:37]} Kf8 {[%emt 0:00:10]} 53. Rf7+ {[%emt 0:00:09]} Kg8 {[%emt 0:00:01]} 54. Rb7 {[%emt 0:01:31]} Kf8 {[%emt 0:00:13]} 55. Rxb6 {[%emt 0:00:14]} Re4 {[%emt 0:03:58]} 56. Rb4 {[%emt 0:01:21]} Ke7 {[%emt 0:00:55]} 57. a4 {[%emt 0:00:06]} Kf6 {[%emt 0:01:13]} 58. a5 {[%emt 0:00:10]} Re7 {[%emt 0:01:22]} 59. a6 {[%emt 0:00:24]} h5 {[%emt 0:00:32]} 60. gxh5 {[%emt 0:01:24]} Kxf5 {[%emt 0:00:19]} 61. Rb5 {[%emt 0:00:25]} Kg5 {[%emt 0:00:36]} 62. Rxd5+ {[%emt 0:02:34]} Kh6 {[%emt 0:00:01]} 63. Rd6 {[%emt 0:00:09]} Kxh5 {[%emt 0:00:22]} 64. Kf4 {[%emt 0:00:06]} Re1 {[%emt 0:00:13]} 65. Rb6 {[%emt 0:01:02]} Kh6 {[%emt 0:01:05]} 66. d5 {[%emt 0:00:15]} Ra1 {[%emt 0:01:13]} 67. d6 {[%emt 0:00:38]} Rf1+ {[%emt 0:00:07]} 68. Ke3 {[%emt 0:00:20]} Re1+ {[%emt 0:00:37]} 69. Kf2 {[%emt 0:00:17]} Rd1 {[%emt 0:00:43]} 70. a7 {[%emt 0:00:26]} Ra1 {[%emt 0:00:14]} 71. d7 {[%emt 0:00:42]} Ra2+ {[%emt 0:00:04]} 72. Ke1 {[%emt 0:00:27]} Ra1+ {[%emt 0:00:09]} 73. Kd2 {[%emt 0:00:09]} Ra5 {[%emt 0:00:20]} 74. Rb7 {[%emt 0:00:16]} 1-0